Chuyện doanh nhân: Học sau mỗi bước đi = Stories of business people : Take a lesson from each step

שמור ב:
מידע ביבליוגרפי
פורמט: ספר
שפה:Undetermined
יצא לאור: Hà Nội Nhà xuất bản Thông Tấn 2004
נושאים:
תגים: הוספת תג
אין תגיות, היה/י הראשונ/ה לתייג את הרשומה!
Thư viện lưu trữ: Trung tâm Học liệu Trường Đại học Cần Thơ
LEADER 00552nam a2200169Ia 4500
001 CTU_69334
008 210402s9999 xx 000 0 und d
082 |a 658.4092 
082 |b Ch527 
245 0 |a Chuyện doanh nhân: Học sau mỗi bước đi = 
245 0 |b Stories of business people : Take a lesson from each step 
260 |a Hà Nội 
260 |b Nhà xuất bản Thông Tấn 
260 |c 2004 
650 |a Executives 
904 |i Trúc Phương, Năm 
980 |a Trung tâm Học liệu Trường Đại học Cần Thơ